Zahraničné investície a ich prínos pre výkonnosť ekonomiky bakalárska práca

Salvato in:
Dettagli Bibliografici
Autore principale: Halousková, Martina
Ente Autore: Fakulta podnikového manažmentu EU. Katedra podnikovohospodárska
Altri autori: Kovalev, Andrej
Natura: Libro
Lingua:slovacco
Pubblicazione: Bratislava 2018
Tags: Aggiungi Tag
Nessun Tag, puoi essere il primo ad aggiungerne!!

MARC

LEADER 00000nbm a2200000 4500
001 0244895
005 20181009111559.8
041 0 |a slo 
044 |a SK 
245 1 0 |a Zahraničné investície a ich prínos pre výkonnosť ekonomiky  |b bakalárska práca  |c Martina Halousková ; školiteľ: Andrej Kovalev 
264 1 |a Bratislava  |c 2018 
300 |a 47 s. 
100 1 |a Halousková, Martina 
700 1 |a Kovalev, Andrej 
710 2 |a Fakulta podnikového manažmentu EU. Katedra podnikovohospodárska